Statistics for Least Densely Populated US Cities over 100,000 people

Click here to take the quiz!

General Stats

  • This quiz has been taken 46 times
  • The average score is 9 of 32

Answer Stats

DensityCity% Correct
175Anchorage
95%
1,178Jacksonville
65%
1,053Oklahoma City
54%
1,450Wichita Falls
51%
1,417Savannah
38%
913Columbus, GA
35%
1,216Kansas City, KS
32%
1,123Lexington
32%
652Augusta, GA
30%
1,452Birmingham
30%
1,233Charleston
30%
1,006Columbia
30%
1,388Nashville
30%
1,341Scottsdale
30%
612Macon
27%
1,252Montgomery
27%
683Norman
27%
703Chesapeake
24%
1,323Las Cruces
24%
1,384Mobile
24%
1,060Athens
22%
1,387Brownsville
22%
1,241Chattanooga
22%
1,146Abilene
19%
1,441Beaumont
19%
905Huntsville
19%
1,230Surprise
19%
1,483North Charleston
14%
934Peoria, AZ
14%
1,433Denton
11%
1,386Fayetteville
11%
1,484Palmdale
3%

Score Distribution

Percentile by Number Answered

Percent of People with Each Score

Your Score History

You have not taken this quiz